01988nam a2200505 a 450000500170000000800410001702000180005804100080007610000190008424500880010325001630019126000730035430000120042750001750043965300590061465300180067365300440069165300220073565300150075765300540077265300310082665300400085765300440089765300230094165300140096465300250097865300220100365300430102565300150106865300140108365300670109765300550116465300090121965300220122865300220125065300580127265300160133065300090134665300200135565300280137565300280140365300210143165300080145270000220146020240424125752.0100315s2012||||sp a f |||| 001 0 spa d a9788415419563 aspa1 aRubin, Raphael aRubin. Patología.bFundamentos clinicopatológicos en medicina / cRaphael Rubin a6a ed. en español de obra original en inglésbTraducción Héctor Raúl Planas Gonzáles, José Gabriel Pérez Rendón y Gabriela Enríquez Cotera aBarcelona: bWolters Kluwer ; Lippincott Williamns & Wilkins;c2012. a1454 p. aRubin, R. y Strayer, D. S. (2012). Rubin. Patología Fundamentos clinicopatológicos en medicina. (6a ed.). Barcelona : Wolters Kluwer ; Lippincott Williamns & Wilkins. aAdaptación celular,lesión celular y muerte celular aInflamación aReparación, regeneración y fibrosis aInmunopatología aNeoplasias aTranstornos del desarrollo y de origen genético aTrastornos hemodinámicos aPatología ambiental y nutrición aEnfermedades infecciosas y parasitarias aVasos sanguíneos aCorazón aAparato respiratorio aAparato digestivo aHigado y el sistema de vías biliares aPáncreas aRiñón aVías urinarias inferiores y el aparato reproductor masculino aSistema reproductor femenino, peritoneo y embarazo aMama aHematopatología aSistema endocrino aObesidad, diabetes mellitus y síndrome metabólico aAmiloidosis aPiel aCabeza y cuello aHuesos y articulaciones aMúsculo esquelético aSistema nervioso aOjo1 aStrayer, David S.